[Event "28PCR_F"]
[Site "?"]
[Date "2013.10.22"]
[Round "?"]
[White "Chvojka, Jaroslav"]
[Black "Nevole, Milan"]
[Result "1/2-1/2"]
[WhiteElo "2199"]
[BlackElo "2388"]
[PlyCount "136"]
[EventDate "2013.??.??"]
[EventType "corr"]
[EventRounds "2"]
[SourceDate "2010.08.23"]

1. d4 Nf6 2. Nc3 d5 3. Nf3 g6 4. Bf4 Bg7 5. e3 O-O 6. Be2 Bg4 7. h3 Bf5 8. O-O
c6 9. Bd3 Ne4 10. Bxe4 dxe4 11. Nd2 c5 12. dxc5 Bxc3 13. bxc3 Qc8 14. g4 Bd7
15. Nxe4 Rd8 16. Qd4 Be6 17. Qa4 Bd5 18. Bxb8 Bc6 19. Qc4 Bd5 20. Qb4 Rxb8 21.
Rfd1 a5 22. Qa4 Qc7 23. Rd3 Bc6 24. Qc4 Bxe4 25. Qxe4 Qxc5 26. c4 Re8 27. Rb1
Rbc8 28. Rc3 b6 29. Qd4 e5 30. Qxc5 Rxc5 31. Rxb6 Rec8 32. Ra3 e4 33. Ra6 Rxc4
34. R3xa5 Kg7 35. Re5 R8c5 36. Re7 Rc7 37. Rxc7 Rxc7 38. h4 Rxc2 39. a4 h6 40.
a5 Ra2 41. Kg2 g5 42. h5 Ra3 43. Ra8 Kf6 44. a6 Ra2 45. Kg3 Ra3 46. a7 Ke7 47.
f3 exf3 48. Kxf3 Ra4 49. e4 Ra3+ 50. Ke2 Kf6 51. e5+ Kg7 52. Kd2 Ra2+ 53. Kc3
Ra4 54. Kb3 Ra1 55. Kb4 Ra2 56. Kb5 Ra1 57. Kb6 Rb1+ 58. Kc6 Ra1 59. Kc7 Ra3
60. Kb7 Rb3+ 61. Kc6 Rc3+ 62. Kb6 Rb3+ 63. Kc6 Rc3+ 64. Kd7 Rd3+ 65. Ke7 Ra3
66. Kd6 Rd3+ 67. Kc5 Ra3 68. Kb5 Ra1 1/2-1/2

[Event "28PCR_F"]
[Site "?"]
[Date "2013.10.22"]
[Round "?"]
[White "Pressl, Ladislav"]
[Black "Urban, Miroslav"]
[Result "0-1"]
[WhiteElo "2155"]
[BlackElo "2398"]
[PlyCount "50"]
[EventDate "2013.??.??"]
[EventType "corr"]
[EventRounds "2"]
[SourceDate "2010.08.23"]

1. e4 c6 2. d4 d5 3. Nc3 dxe4 4. Nxe4 Bf5 5. Ng3 Bg6 6. h4 h6 7. Nf3 Nd7 8. h5
Bh7 9. Bd3 Bxd3 10. Qxd3 e6 11. Bd2 Ngf6 12. O-O-O Be7 13. Qe2 O-O 14. c3 a5
15. Rhe1 a4 16. Nf5 exf5 17. Qxe7 Qc7 18. a3 Rfe8 19. Qb4 Ne4 20. Re2 b5 21.
Rde1 Nb6 22. Rxe4 Rxe4 23. Rxe4 fxe4 24. Ne5 Nd5 25. Qc5 Rc8 0-1

[Event "28PCR_F"]
[Site "?"]
[Date "2013.10.22"]
[Round "?"]
[White "Fejfar, Vlastimil"]
[Black "Vins, Karel"]
[Result "1-0"]
[WhiteElo "2097"]
[BlackElo "1781"]
[PlyCount "49"]
[EventDate "2013.??.??"]
[EventType "corr"]
[EventRounds "2"]
[SourceDate "2010.08.23"]

1. e4 c5 2. Nf3 d6 3. d4 cxd4 4. Nxd4 Nf6 5. Nc3 a6 6. f4 Nc6 7. Be2 e6 8. a4
Be7 9. Be3 h6 10. O-O e5 11. Nxc6 bxc6 12. fxe5 dxe5 13. Qe1 g5 14. Rd1 Qc7 15.
Bc4 O-O 16. a5 c5 17. Rxf6 Bxf6 18. Nd5 Qc6 19. Qf2 Kg7 20. Bxc5 Bb7 21. Rf1
Rac8 22. b4 Qxc5 23. bxc5 Bxd5 24. Qxf6+ Kg8 25. Bxd5 1-0

[Event "28PCR_F"]
[Site "?"]
[Date "2013.10.22"]
[Round "?"]
[White "Goc, Pavel"]
[Black "Kyzlink, Vladimir"]
[Result "1-0"]
[WhiteElo "2071"]
[BlackElo "2071"]
[PlyCount "43"]
[EventDate "2013.??.??"]
[EventType "corr"]
[EventRounds "2"]
[SourceDate "2010.08.23"]

1. d4 Nf6 2. Nf3 g6 3. Bg5 Bg7 4. Nbd2 d5 5. Bxf6 exf6 6. e3 O-O 7. Bd3 b6 8.
O-O Re8 9. b4 Ba6 10. b5 Bb7 11. a4 a6 12. Nb3 c6 13. bxc6 Nxc6 14. c4 Nb4 15.
c5 Nxd3 16. Qxd3 bxc5 17. Nxc5 Bc8 18. Qe2 Bg4 19. Nxa6 Bxf3 20. gxf3 f5 21.
Rac1 Qb6 22. Nc7 1-0

[Event "28PCR_F"]
[Site "?"]
[Date "2013.10.22"]
[Round "?"]
[White "Stepan, Josef"]
[Black "Kyzlink, Vladimir"]
[Result "1-0"]
[WhiteElo "1748"]
[BlackElo "2071"]
[PlyCount "53"]
[EventDate "2013.??.??"]
[EventType "corr"]
[EventRounds "2"]
[SourceDate "2010.08.23"]

1. d4 Nf6 2. Nc3 e6 3. Bg5 Be7 4. e4 O-O 5. e5 Nd5 6. Bxe7 Qxe7 7. Nxd5 exd5 8.
Qd2 d6 9. f4 dxe5 10. dxe5 Bg4 11. Be2 Bxe2 12. Nxe2 Rd8 13. O-O-O c5 14. Nc3
d4 15. Ne4 Nc6 16. Nd6 Qe6 17. Kb1 Nb4 18. b3 Nd5 19. Rde1 Nc3+ 20. Kb2 b5 21.
f5 Qh6 22. Qxh6 gxh6 23. f6 Rd7 24. Rhf1 Kh8 25. Nxf7+ Rxf7 26. e6 Rff8 27. e7
1-0

[Event "28PCR_F"]
[Site "?"]
[Date "2013.10.22"]
[Round "?"]
[White "Vins, Karel"]
[Black "Goc, Pavel"]
[Result "0-1"]
[WhiteElo "1781"]
[BlackElo "2071"]
[PlyCount "78"]
[EventDate "2013.??.??"]
[EventType "corr"]
[EventRounds "2"]
[SourceDate "2010.08.23"]

1. e4 e5 2. Nf3 Nc6 3. Bb5 a6 4. Ba4 Nf6 5. d3 b5 6. Bb3 Bc5 7. c3 O-O 8. Qe2
Bb7 9. Be3 Bxe3 10. Qxe3 d5 11. Nbd2 d4 12. cxd4 exd4 13. Qe2 Na5 14. O-O c5
15. Bc2 Rc8 16. Ne1 c4 17. f3 Qb6 18. Kh1 c3 19. bxc3 dxc3 20. Nb3 Nc6 21. Qf2
Qxf2 22. Rxf2 Rfd8 23. Rd1 Nd4 24. Nxd4 Rxd4 25. a3 a5 26. f4 b4 27. axb4 axb4
28. Nf3 Rd6 29. e5 Ng4 30. Re2 Rb6 31. Bb3 Re8 32. Ne1 Nf6 33. Nc2 h6 34. Kg1
Bd5 35. Rb1 Bxb3 36. Rxb3 Nd5 37. g3 Ra8 38. Re4 Ra2 39. Re2 Rb2 0-1

[Event "28PCR_F"]
[Site "?"]
[Date "2013.10.22"]
[Round "?"]
[White "Urban, Miroslav"]
[Black "Fejfar, Vlastimil"]
[Result "1-0"]
[WhiteElo "2398"]
[BlackElo "2097"]
[PlyCount "41"]
[EventDate "2013.??.??"]
[EventType "corr"]
[EventRounds "2"]
[SourceDate "2010.08.23"]

1. c4 e5 2. Nc3 d6 3. e3 Nf6 4. Nf3 Nc6 5. d4 exd4 6. exd4 Bg4 7. Be2 Be7 8. d5
Bxf3 9. Bxf3 Ne5 10. Be2 Qd7 11. f4 Ng6 12. g4 Ng8 13. O-O O-O-O 14. Be3 b6 15.
Nb5 Kb7 16. a4 a6 17. Nd4 h5 18. a5 Ra8 19. Nc6 hxg4 20. Qb3 Bd8 21. axb6 1-0

[Event "28PCR_F"]
[Site "?"]
[Date "2013.10.22"]
[Round "?"]
[White "Nevole, Milan"]
[Black "Pressl, Ladislav"]
[Result "1-0"]
[WhiteElo "2388"]
[BlackElo "2155"]
[PlyCount "45"]
[EventDate "2013.??.??"]
[EventType "corr"]
[EventRounds "2"]
[SourceDate "2010.08.23"]

1. d4 Nf6 2. c4 g6 3. Nc3 Bg7 4. e4 d6 5. f3 O-O 6. Be3 Nbd7 7. Bd3 e5 8. d5 c6
9. Nge2 Re8 10. O-O Qa5 11. a3 h6 12. b4 Qc7 13. Qd2 Kh7 14. Rad1 a5 15. Ng3
axb4 16. axb4 Rd8 17. Ra1 Rxa1 18. Rxa1 Nb6 19. Ra7 Ng4 20. fxg4 Bxg4 21. dxc6
Qxc6 22. b5 Be6 23. bxc6 1-0

[Event "28PCR_F"]
[Site "?"]
[Date "2013.10.22"]
[Round "?"]
[White "Postl, Rostislav"]
[Black "Chvojka, Jaroslav"]
[Result "1-0"]
[WhiteElo "2286"]
[BlackElo "2199"]
[PlyCount "59"]
[EventDate "2013.??.??"]
[EventType "corr"]
[EventRounds "2"]
[SourceDate "2010.08.23"]

1. d4 Nf6 2. Nf3 c6 3. Bf4 Qb6 4. Nbd2 Qxb2 5. e4 d5 6. e5 Nfd7 7. Rb1 Qxa2 8.
e6 fxe6 9. Bd3 g6 10. Qe2 c5 11. Qxe6 Nc6 12. Bb5 Nd8 13. Qe5 Rg8 14. c4 dxc4
15. O-O c3 16. Ne4 Bg7 17. Nd6+ Kf8 18. Qe3 cxd4 19. Nxd4 Qd5 20. Rfd1 Ne5 21.
Nc6 Qxd1+ 22. Rxd1 Ndxc6 23. Bxc6 Nxc6 24. Re1 Bf6 25. Bh6+ Rg7 26. Ne4 Be5 27.
Ng5 Bf5 28. g4 Bxg4 29. Qe4 Bf5 30. Qc4 1-0

[Event "28PCR_F"]
[Site "?"]
[Date "2013.10.22"]
[Round "?"]
[White "Chvojka, Jaroslav"]
[Black "Smolka, Jan"]
[Result "1-0"]
[WhiteElo "2199"]
[BlackElo "2223"]
[PlyCount "65"]
[EventDate "2013.??.??"]
[EventType "corr"]
[EventRounds "2"]
[SourceDate "2010.08.23"]

1. d4 Nf6 2. Nc3 d5 3. Nf3 Nbd7 4. g3 e6 5. Bg2 c5 6. O-O cxd4 7. Qxd4 Bc5 8.
Qd3 O-O 9. e4 d4 10. Ne2 e5 11. c3 dxc3 12. Nxc3 Qb6 13. b3 Qa6 14. Qxa6 bxa6
15. Na4 Bb4 16. a3 Be7 17. Bb2 Rb8 18. b4 a5 19. Bxe5 Nxe5 20. Nxe5 Bd7 21. Nc3
Rfd8 22. bxa5 Rb3 23. Nd5 Nxd5 24. exd5 Bf6 25. f4 Rb5 26. Rab1 Rxa5 27. Nc6
Bxc6 28. dxc6 Rc5 29. Kh1 Kf8 30. Rfc1 Bc3 31. Rb3 Rd3 32. Rb7 Rd8 33. Rxa7 1-0

[Event "28PCR_F"]
[Site "?"]
[Date "2013.10.22"]
[Round "?"]
[White "Pressl, Ladislav"]
[Black "Postl, Rostislav"]
[Result "0-1"]
[WhiteElo "2155"]
[BlackElo "2286"]
[PlyCount "22"]
[EventDate "2013.??.??"]
[EventType "corr"]
[EventRounds "2"]
[SourceDate "2010.08.23"]

1. c4 c5 2. Nc3 Nc6 3. Nf3 Nf6 4. d4 cxd4 5. Nxd4 e6 6. Bg5 h6 7. Bh4 Qb6 8.
Bxf6 gxf6 9. Ndb5 a6 10. Na4 Qa5+ 11. Nbc3 b5 0-1

[Event "28PCR_F"]
[Site "?"]
[Date "2013.10.22"]
[Round "?"]
[White "Fejfar, Vlastimil"]
[Black "Nevole, Milan"]
[Result "0-1"]
[WhiteElo "2097"]
[BlackElo "2388"]
[PlyCount "78"]
[EventDate "2013.??.??"]
[EventType "corr"]
[EventRounds "2"]
[SourceDate "2010.08.23"]

1. e4 c5 2. Nf3 d6 3. d4 cxd4 4. Nxd4 Nf6 5. Nc3 a6 6. Bg5 e6 7. f4 Qb6 8. Nb3
Nc6 9. Qf3 Be7 10. O-O-O Qc7 11. Be2 h6 12. Bh4 Bd7 13. Qg3 O-O-O 14. Qe3 Ng4
15. Qg3 g5 16. Bxg5 hxg5 17. Bxg4 gxf4 18. Qxf4 Ne5 19. Kb1 Rdg8 20. Bh3 Kb8
21. Nd4 Rh7 22. Qf2 Nc4 23. Qf3 Rc8 24. Qd3 Rg7 25. Qf3 Bg5 26. Ka1 Qb6 27. Nb3
a5 28. Nd5 Qd8 29. Nf4 a4 30. Nd2 a3 31. Nxc4 Rxc4 32. c3 axb2+ 33. Kxb2 Bc6
34. Qd3 Rxc3 35. Kxc3 Bxf4 36. Qc4 Rg5 37. a4 Qa5+ 38. Kb3 Rc5 39. Qb4 Bxa4+
0-1

[Event "28PCR_F"]
[Site "?"]
[Date "2013.10.22"]
[Round "?"]
[White "Goc, Pavel"]
[Black "Urban, Miroslav"]
[Result "1/2-1/2"]
[WhiteElo "2071"]
[BlackElo "2398"]
[PlyCount "37"]
[EventDate "2013.??.??"]
[EventType "corr"]
[EventRounds "2"]
[SourceDate "2010.08.23"]

1. e4 c6 2. d4 d5 3. exd5 cxd5 4. c4 Nf6 5. Nc3 Nc6 6. Nf3 Bg4 7. cxd5 Nxd5 8.
Qb3 Bxf3 9. gxf3 Nb6 10. Be3 e6 11. O-O-O Be7 12. d5 exd5 13. Nxd5 Nxd5 14.
Rxd5 Qc7 15. Kb1 O-O 16. f4 Rfd8 17. Bg2 Rxd5 18. Bxd5 Bf6 19. Rc1 1/2-1/2

[Event "28PCR_F"]
[Site "?"]
[Date "2013.10.22"]
[Round "?"]
[White "Kyzlink, Vladimir"]
[Black "Vins, Karel"]
[Result "1-0"]
[WhiteElo "2071"]
[BlackElo "1781"]
[PlyCount "82"]
[EventDate "2013.??.??"]
[EventType "corr"]
[EventRounds "2"]
[SourceDate "2010.08.23"]

1. e4 c5 2. Nf3 Nc6 3. Nc3 d6 4. d4 cxd4 5. Nxd4 Nf6 6. Bg5 e6 7. g4 Be7 8. Bb5
Bd7 9. Nb3 Qc7 10. f3 a6 11. Bxc6 bxc6 12. Qe2 e5 13. Rd1 O-O 14. Qd3 Rfd8 15.
h3 Be8 16. a3 h6 17. Bd2 Nh7 18. h4 f6 19. Kf2 Bf7 20. Kg2 d5 21. Ne2 d4 22.
Ba5 Qb7 23. Bxd8 Rxd8 24. Ng3 Qb5 25. Qxb5 axb5 26. Na5 Rc8 27. Nf5 Kf8 28. c3
c5 29. cxd4 cxd4 30. Rc1 Ra8 31. Nc6 Bd8 32. Nd6 Be8 33. Nxe8 Kxe8 34. f4 exf4
35. Nxd4 Rb8 36. Kf3 Nf8 37. Kxf4 Ng6+ 38. Kg3 Ne5 39. Nc6 Rb7 40. Nxe5 fxe5
41. Rhd1 Bb6 1-0

[Event "28PCR_F"]
[Site "?"]
[Date "2013.10.22"]
[Round "?"]
[White "Stepan, Josef"]
[Black "Vins, Karel"]
[Result "1-0"]
[WhiteElo "1748"]
[BlackElo "1781"]
[PlyCount "84"]
[EventDate "2013.??.??"]
[EventType "corr"]
[EventRounds "2"]
[SourceDate "2010.08.23"]

1. e4 c5 2. b4 cxb4 3. Bb2 e6 4. d4 d5 5. exd5 Qxd5 6. c4 bxc3 7. Nxc3 Qa5 8.
Nf3 Bb4 9. Qc2 Nf6 10. Bd3 Nd5 11. Rc1 h6 12. Ne5 Nd7 13. O-O Nxe5 14. dxe5
Nxc3 15. Bxc3 Bxc3 16. Qxc3 Qxc3 17. Rxc3 O-O 18. Be4 Rb8 19. Rc7 a6 20. Rfc1
Rd8 21. g3 g6 22. Re7 Bd7 23. Rc7 Be8 24. Bxb7 a5 25. Be4 Kg7 26. Bc2 Rdc8 27.
Bb3 Rxc7 28. Rxc7 Kf8 29. Ra7 Rb5 30. Ra8 Ke7 31. Rxe8+ Kxe8 32. Ba4 Ke7 33.
Bxb5 f6 34. f4 g5 35. f5 exf5 36. exf6+ Kxf6 37. Kf2 Ke5 38. Ke3 Kd5 39. a4 Ke5
40. Kd3 Kd5 41. Bd7 f4 42. gxf4 gxf4 1-0

[Event "28PCR_F"]
[Site "?"]
[Date "2013.10.22"]
[Round "?"]
[White "Urban, Miroslav"]
[Black "Kyzlink, Vladimir"]
[Result "1-0"]
[WhiteElo "2398"]
[BlackElo "2072"]
[PlyCount "55"]
[EventDate "2013.??.??"]
[EventType "corr"]
[EventRounds "2"]
[SourceDate "2010.08.23"]

1. c4 e5 2. Nc3 Nc6 3. Nf3 Nf6 4. e4 Bb4 5. d3 d6 6. Be2 O-O 7. O-O Re8 8. Nd5
h6 9. a3 Bc5 10. b4 Bb6 11. Bb2 Nxd5 12. cxd5 Nb8 13. Nd2 Nd7 14. Nc4 Nf8 15.
Nxb6 axb6 16. d4 Bd7 17. Qd2 Ng6 18. dxe5 dxe5 19. g3 Ba4 20. Rac1 c6 21. Bc4
b5 22. Ba2 Re7 23. f4 exf4 24. Qd4 Qf8 25. d6 Rd7 26. e5 fxg3 27. Qg4 gxh2+ 28.
Kh1 1-0

[Event "28PCR_F"]
[Site "?"]
[Date "2013.10.22"]
[Round "?"]
[White "Nevole, Milan"]
[Black "Goc, Pavel"]
[Result "1/2-1/2"]
[WhiteElo "2388"]
[BlackElo "2071"]
[PlyCount "36"]
[EventDate "2013.??.??"]
[EventType "corr"]
[EventRounds "2"]
[SourceDate "2010.08.23"]

1. e4 e5 2. Nf3 Nc6 3. Bb5 a6 4. Ba4 Nf6 5. O-O Be7 6. Re1 b5 7. Bb3 d6 8. c3
O-O 9. d4 Bg4 10. Bc2 exd4 11. cxd4 Nb4 12. Nc3 c5 13. Bb1 Nc6 14. Be3 Re8 15.
Ne2 Bf8 16. d5 Bxf3 17. gxf3 Ne5 18. Ng3 Nc4 1/2-1/2

[Event "28PCR_F"]
[Site "?"]
[Date "2013.10.22"]
[Round "?"]
[White "Postl, Rostislav"]
[Black "Fejfar, Vlastimil"]
[Result "1-0"]
[WhiteElo "2286"]
[BlackElo "2097"]
[PlyCount "67"]
[EventDate "2013.??.??"]
[EventType "corr"]
[EventRounds "2"]
[SourceDate "2010.08.23"]

1. d4 Nf6 2. Nf3 d5 3. c4 e6 4. Nc3 Bb4 5. Bg5 dxc4 6. e4 h6 7. Bxf6 Qxf6 8. e5
Qe7 9. Bxc4 O-O 10. O-O Nc6 11. Qe2 Rd8 12. Qe4 Bd7 13. Bd3 g6 14. h4 h5 15.
Qf4 Qf8 16. Ne4 Be7 17. a3 Be8 18. Rac1 a5 19. Rfd1 Rac8 20. Bc4 b5 21. Ba2 Nb8
22. d5 exd5 23. Rxd5 c5 24. Nf6+ Bxf6 25. exf6 Rxd5 26. Bxd5 b4 27. Ng5 Nc6 28.
Qe4 Kh8 29. Re1 Nd4 30. Bxf7 Bxf7 31. Qb7 Rb8 32. Qc7 Kg8 33. Nxf7 Nb5 34. Nh6+
1-0

[Event "28PCR_F"]
[Site "?"]
[Date "2013.10.22"]
[Round "?"]
[White "Smolka, Jan"]
[Black "Pressl, Ladislav"]
[Result "1-0"]
[WhiteElo "2223"]
[BlackElo "2155"]
[PlyCount "37"]
[EventDate "2013.??.??"]
[EventType "corr"]
[EventRounds "2"]
[SourceDate "2010.08.23"]

1. e4 c6 2. d4 d5 3. exd5 cxd5 4. Bd3 Nc6 5. c3 Nf6 6. Bf4 Qb6 7. Qb3 Qxb3 8.
axb3 e6 9. Na3 a6 10. Nb5 Kd8 11. Nf3 Nh5 12. Bc7+ Ke8 13. g4 Nf6 14. Bf4 Kd8
15. Ng5 Ke7 16. Bd6+ Kd7 17. Nxf7 Rg8 18. g5 Nh5 19. Bxh7 1-0

[Event "28PCR_F"]
[Site "?"]
[Date "2013.10.22"]
[Round "?"]
[White "Chvojka, Jaroslav"]
[Black "Stepan, Josef"]
[Result "1-0"]
[WhiteElo "2199"]
[BlackElo "1748"]
[PlyCount "69"]
[EventDate "2013.??.??"]
[EventType "corr"]
[EventRounds "2"]
[SourceDate "2010.08.23"]

1. d4 Nf6 2. Nc3 d5 3. Nf3 Nbd7 4. g3 e6 5. Bg2 c6 6. O-O Be7 7. Re1 O-O 8. e4
dxe4 9. Nxe4 Nxe4 10. Rxe4 Nf6 11. Re1 Qb6 12. c4 c5 13. b3 cxd4 14. Bb2 Bd7
15. Bxd4 Bc5 16. Bxf6 Bxf2+ 17. Kh1 Bxe1 18. Bd4 Qd8 19. Qxe1 Bc6 20. Qe5 f6
21. Qxe6+ Kh8 22. Bf2 Re8 23. Qf5 Be4 24. Qh5 Qd3 25. Nd4 Bxg2+ 26. Kxg2 Re5
27. Qg4 Qe4+ 28. Qxe4 Rxe4 29. Nb5 a6 30. Nd6 Re7 31. Rd1 Kg8 32. c5 Re2 33.
Rd4 Rxa2 34. Rb4 Rb8 35. c6 1-0

[Event "28PCR_F"]
[Site "?"]
[Date "2013.10.22"]
[Round "?"]
[White "Fejfar, Vlastimil"]
[Black "Smolka, Jan"]
[Result "0-1"]
[WhiteElo "2097"]
[BlackElo "2223"]
[PlyCount "84"]
[EventDate "2013.??.??"]
[EventType "corr"]
[EventRounds "2"]
[SourceDate "2010.08.23"]

1. e4 e5 2. Bc4 Nf6 3. Nc3 Nc6 4. d3 Na5 5. Nge2 Nxc4 6. dxc4 Bc5 7. O-O d6 8.
Bg5 Be6 9. Qd3 h6 10. Bxf6 Qxf6 11. Nd5 Bxd5 12. cxd5 O-O 13. Ng3 g6 14. Rad1
Qh4 15. b4 Bxb4 16. Rb1 Ba5 17. Rxb7 Bb6 18. Rb1 Rab8 19. Rxb8 Rxb8 20. Rb3 Qf4
21. Qe2 c6 22. dxc6 Rc8 23. Rc3 Bc5 24. Rf3 Qc1+ 25. Nf1 Rxc6 26. c3 Kg7 27. h4
h5 28. Kh2 Rc7 29. Qc4 Qe1 30. Ne3 Bb6 31. Qd3 Bxe3 32. Qxe3 Qxe3 33. Rxe3 Kf6
34. f3 Ke6 35. Kg3 f5 36. Kf2 Rc4 37. g3 Ra4 38. Re2 d5 39. exd5+ Kxd5 40. Ke1
Ra3 41. Rd2+ Kc5 42. Re2 Rxc3 0-1

[Event "28PCR_F"]
[Site "?"]
[Date "2013.10.22"]
[Round "?"]
[White "Goc, Pavel"]
[Black "Postl, Rostislav"]
[Result "0-1"]
[WhiteElo "2071"]
[BlackElo "2286"]
[PlyCount "108"]
[EventDate "2013.??.??"]
[EventType "corr"]
[EventRounds "2"]
[SourceDate "2010.08.23"]

1. e4 e6 2. d4 d5 3. exd5 exd5 4. Bd3 Nf6 5. Nf3 Bd6 6. O-O O-O 7. Bg5 h6 8.
Bh4 Be6 9. Re1 Nbd7 10. Ne5 c6 11. Nxd7 Bxd7 12. Nd2 g5 13. Bg3 Bxg3 14. hxg3
Qb6 15. Nf3 Rae8 16. Qd2 Rxe1+ 17. Rxe1 Qxb2 18. Nxg5 Kg7 19. Nf3 Re8 20. Rxe8
Nxe8 21. Qe3 Nf6 22. Ne5 Qxa2 23. f3 Qb1+ 24. Kh2 Qb4 25. g4 Qe7 26. g5 Ng8 27.
gxh6+ Nxh6 28. Qf4 Be6 29. Qg3+ Kh8 30. Kg1 Qf6 31. Qh2 a5 32. g4 a4 33. f4 Kg8
34. g5 Qg7 35. Qd2 f6 36. Qa5 Nf5 37. Nf3 fxg5 38. fxg5 Nd6 39. Qxa4 Qf8 40.
Kg2 Ne4 41. Bxe4 dxe4 42. Ne5 e3 43. Nd3 Bd5+ 44. Kg3 Qf3+ 45. Kh4 Qe4+ 46. Kg3
e2 47. Qa8+ Kf7 48. Qxb7+ Kg6 49. Kf2 Qf3+ 50. Ke1 Qf1+ 51. Kd2 Qd1+ 52. Kc3
e1=Q+ 53. Nxe1 Qxe1+ 54. Kb2 Qd2 0-1

[Event "28PCR_F"]
[Site "?"]
[Date "2013.10.22"]
[Round "?"]
[White "Kyzlink, Vladimir"]
[Black "Nevole, Milan"]
[Result "0-1"]
[WhiteElo "2071"]
[BlackElo "2388"]
[PlyCount "58"]
[EventDate "2013.??.??"]
[EventType "corr"]
[EventRounds "2"]
[SourceDate "2010.08.23"]

1. e4 c5 2. Nf3 d6 3. d4 cxd4 4. Nxd4 Nf6 5. Nc3 a6 6. Bg5 e6 7. f4 h6 8. Bh4
Qb6 9. a3 Nbd7 10. Bf2 Qc7 11. Bd3 Be7 12. O-O O-O 13. Be2 b6 14. Re1 Bb7 15.
Bf3 Rfd8 16. Qe2 Rac8 17. Rad1 Bf8 18. Bg3 Qc4 19. Qxc4 Rxc4 20. Re2 Rdc8 21.
e5 Bxf3 22. Nxf3 Rxc3 23. bxc3 Nd5 24. Rd3 dxe5 25. Nxe5 Nxe5 26. Rxe5 g6 27.
Rexd5 exd5 28. Bf2 b5 29. Bd4 Bxa3 0-1

[Event "28PCR_F"]
[Site "?"]
[Date "2013.10.22"]
[Round "?"]
[White "Vins, Karel"]
[Black "Urban, Miroslav"]
[Result "0-1"]
[WhiteElo "1781"]
[BlackElo "2398"]
[PlyCount "60"]
[EventDate "2013.??.??"]
[EventType "corr"]
[EventRounds "2"]
[SourceDate "2010.08.23"]

1. e4 c6 2. d4 d5 3. exd5 cxd5 4. Bd3 Nc6 5. c3 Nf6 6. h3 e5 7. dxe5 Nxe5 8.
Qe2 Qe7 9. Be3 Bd7 10. Nf3 Nxd3+ 11. Qxd3 Qe4 12. Qxe4+ dxe4 13. Nd4 Nd5 14.
Nd2 f5 15. g3 Be7 16. a3 O-O 17. c4 Nxe3 18. fxe3 a5 19. Ke2 Ra6 20. a4 Rg6 21.
Nf1 Rd8 22. b3 Bc5 23. Rd1 f4 24. Nf5 f3+ 25. Kf2 Rb6 26. Nd4 Bc6 27. Rc1 Rxd4
28. exd4 Bxd4+ 29. Ne3 Rxb3 30. Rhe1 Bxa4 0-1

[Event "28PCR_F"]
[Site "?"]
[Date "2013.10.22"]
[Round "?"]
[White "Stepan, Josef"]
[Black "Urban, Miroslav"]
[Result "0-1"]
[WhiteElo "1748"]
[BlackElo "2398"]
[PlyCount "54"]
[EventDate "2013.??.??"]
[EventType "corr"]
[EventRounds "2"]
[SourceDate "2010.08.23"]

1. d4 Nf6 2. c4 e6 3. Nf3 b6 4. g3 Bb7 5. Bg2 Be7 6. O-O O-O 7. Nc3 Ne4 8. Qc2
Nxc3 9. Qxc3 h6 10. Bf4 a5 11. a4 d6 12. Nd2 Nc6 13. Rad1 Qc8 14. e4 e5 15.
dxe5 dxe5 16. Be3 Bb4 17. Qc2 Qe6 18. c5 Ba6 19. Rfe1 Nd4 20. Bxd4 exd4 21.
cxb6 cxb6 22. Bf1 d3 23. Bxd3 Rac8 24. Qb1 Bxd3 25. Qxd3 Rfd8 26. Qe3 Rd7 27.
Re2 Rcd8 0-1

[Event "28PCR_F"]
[Site "?"]
[Date "2013.10.22"]
[Round "?"]
[White "Vins, Karel"]
[Black "Nevole, Milan"]
[Result "1-0"]
[WhiteElo "1781"]
[BlackElo "2388"]
[PlyCount "67"]
[EventDate "2013.??.??"]
[EventType "corr"]
[EventRounds "2"]
[SourceDate "2010.08.23"]

1. e4 c5 2. Nf3 d6 3. d4 cxd4 4. Nxd4 Nf6 5. Nc3 a6 6. Be2 e5 7. Nb3 Be6 8. Be3
Be7 9. f3 O-O 10. O-O Nbd7 11. Nd5 Bxd5 12. exd5 b5 13. c4 Nb6 14. Bxb6 Qxb6+
15. Kh1 Rfc8 16. Rc1 bxc4 17. Bxc4 a5 18. Qe2 a4 19. Na1 Rc5 20. b3 Nxd5 21.
Bxd5 Rxd5 22. bxa4 Rxa4 23. Rc8+ Bf8 24. Qc2 Rc5 25. Rxc5 Qa6 26. Rf2 dxc5 27.
Nb3 c4 28. Nc1 Ra3 29. h3 Bc5 30. Rd2 g6 31. Re2 Be3 32. Re1 Qa5 33. Rd1 Rxa2
34. Nxa2 1-0

[Event "28PCR_F"]
[Site "?"]
[Date "2013.10.22"]
[Round "?"]
[White "Kyzlink, Vladimir"]
[Black "Postl, Rostislav"]
[Result "0-1"]
[WhiteElo "2071"]
[BlackElo "2287"]
[PlyCount "56"]
[EventDate "2013.??.??"]
[EventType "corr"]
[EventRounds "2"]
[SourceDate "2010.08.23"]

1. e4 e6 2. d4 d5 3. Nc3 Nf6 4. Bg5 Be7 5. e5 Nfd7 6. Bxe7 Qxe7 7. f4 O-O 8.
Nf3 c5 9. Bd3 h6 10. Nb5 c4 11. Nc7 Nxe5 12. Nxa8 Nxf3+ 13. Qxf3 cxd3 14. Qxd3
Qd6 15. O-O Bd7 16. Qb3 b5 17. f5 exf5 18. a4 b4 19. a5 Nc6 20. Nc7 Qxc7 21.
Qxd5 Be6 22. Qc5 Rd8 23. c4 Rxd4 24. b3 Qd7 25. Qb5 Rd2 26. Kh1 Qd6 27. Qa6 f4
28. Rae1 Bg4 0-1

[Event "28PCR_F"]
[Site "?"]
[Date "2013.10.22"]
[Round "?"]
[White "Goc, Pavel"]
[Black "Smolka, Jan"]
[Result "1/2-1/2"]
[WhiteElo "2071"]
[BlackElo "2223"]
[PlyCount "41"]
[EventDate "2013.??.??"]
[EventType "corr"]
[EventRounds "2"]
[SourceDate "2010.08.23"]

1. e4 e5 2. Nf3 Nc6 3. Bb5 a6 4. Ba4 Nf6 5. O-O Be7 6. Re1 b5 7. Bb3 d6 8. c3
O-O 9. h3 Na5 10. Bc2 c5 11. d4 Qc7 12. Nbd2 cxd4 13. cxd4 Nc6 14. Nb3 a5 15.
Be3 a4 16. Nbd2 Bd7 17. Rc1 Rac8 18. Bb1 Qb8 19. a3 h6 20. Nf1 Na5 21. Qe2
1/2-1/2

[Event "28PCR_F"]
[Site "?"]
[Date "2013.10.22"]
[Round "?"]
[White "Pressl, Ladislav"]
[Black "Chvojka, Jaroslav"]
[Result "0-1"]
[WhiteElo "2155"]
[BlackElo "2199"]
[PlyCount "22"]
[EventDate "2013.??.??"]
[EventType "corr"]
[EventRounds "2"]
[SourceDate "2010.08.23"]

1. d4 Nf6 2. c4 c5 3. d5 g6 4. Qc2 d6 5. e4 Bg7 6. f4 O-O 7. Nc3 e6 8. Nf3 Re8
9. Bd3 exd5 10. cxd5 Qc7 11. b3 c4 0-1

[Event "28PCR_F"]
[Site "?"]
[Date "2013.10.22"]
[Round "?"]
[White "Pressl, Ladislav"]
[Black "Stepan, Josef"]
[Result "1-0"]
[WhiteElo "2155"]
[BlackElo "1748"]
[PlyCount "21"]
[EventDate "2013.??.??"]
[EventType "corr"]
[EventRounds "2"]
[SourceDate "2010.08.23"]

1. d4 Nf6 2. c4 g6 3. Nc3 d5 4. cxd5 Nxd5 5. e4 Nxc3 6. bxc3 Bg7 7. Bc4 c5 8.
Ne2 cxd4 9. cxd4 Qc7 10. Qc2 O-O 11. Bxf7+ 1-0

[Event "28PCR_F"]
[Site "?"]
[Date "2013.10.22"]
[Round "?"]
[White "Chvojka, Jaroslav"]
[Black "Fejfar, Vlastimil"]
[Result "1-0"]
[WhiteElo "2199"]
[BlackElo "2097"]
[PlyCount "57"]
[EventDate "2013.??.??"]
[EventType "corr"]
[EventRounds "2"]
[SourceDate "2010.08.23"]

1. d4 Nf6 2. Nc3 d5 3. Bf4 Bf5 4. e3 e6 5. Bd3 Nc6 6. Bxf5 exf5 7. Qd3 Qd7 8.
Nf3 Ne4 9. O-O Be7 10. Qb5 O-O-O 11. Qe2 Rde8 12. h3 f6 13. Nxe4 fxe4 14. Nd2
g5 15. Bh2 h5 16. c4 g4 17. h4 f5 18. cxd5 Qxd5 19. Rfc1 Rd8 20. Nb3 Rh6 21.
Bf4 Rg6 22. Nc5 Bd6 23. Bg5 Rf8 24. g3 Nb8 25. b4 b6 26. Rab1 Qf7 27. Qc2 a6
28. Qa4 bxc5 29. bxc5 1-0